000 00820nam a22002417a 4500
999 _c20329
_d20329
005 20180920113217.0
008 180920b2015 ck ||||| |||| 00| 0 spa d
020 _a9789589387948
040 _aCO-BoIAVH
_cCO-BoIAVH
041 _aspa
044 _ack
082 _a333.711
_bS44z
110 1 _aSecretaria Distrital de Ambiente, Bogota
245 0 _aZuna:
_bpasos que nos develan Bogotá
260 _aBogotá:
_bSecretaria Distrital de Ambiente,
_c2015.
300 _a264 páginas
_bfotografías a color,
_c30 x 24cm
650 0 _aReservas naturales
_zBogotá
650 0 _aTerritorio
_xIdentificación
_zBogotá
650 0 _aHistoria
_xPaisajes
_zBogotá
650 0 _aCaminatas ecológicas
_zBogotá
650 0 _aTurismo ecológico
_zBogotá
942 _2ddc
_cLIBRO